000
00216nam a22000977a 4500
999
_c
264494
_d
264493
020
_a
0202131777-X
100
_a
Jordan Brown
245
_a
Double Your Fun
260
_a
USA
_b
Addison Wesley Longman
_c
1998
942
_c
BK